00377nam a22001337a 450000500170000000800410001704100130005808200130007110000130008424500400009726000550013730000250019265000260021720240712063242.0240712b |||||||| |||| 00| 0 eng d aEnglish  a349 PRE  lEnglish  aPrentice Hall Weekly Legal Service  aDurban: bPrentice Hall Service (Pty) Ltd, c1968  b172 pages; c26 cm.  aLegal practice bLaw